<?xml version="1.0" encoding="UTF-8"?>
<record
    xmlns:xsi="http://www.w3.org/2001/XMLSchema-instance"
    xsi:schemaLocation="http://www.loc.gov/MARC21/slim http://www.loc.gov/standards/marcxml/schema/MARC21slim.xsd"
    xmlns="http://www.loc.gov/MARC21/slim">

  <leader>02259    a2200253   4500</leader>
  <controlfield tag="003">NALT</controlfield>
  <controlfield tag="005">20240417133909.0</controlfield>
  <controlfield tag="008">240417b        th ||||| |||| 00| 0 tha d</controlfield>
  <datafield tag="020" ind1=" " ind2=" ">
    <subfield code="a">9786167196855</subfield>
  </datafield>
  <datafield tag="040" ind1=" " ind2=" ">
    <subfield code="a">NALT</subfield>
  </datafield>
  <datafield tag="050" ind1=" " ind2=" ">
    <subfield code="a">HX 289.7.G73</subfield>
    <subfield code="b">&#xE27;378&#xE2D; 2561</subfield>
  </datafield>
  <datafield tag="100" ind1="0" ind2=" ">
    <subfield code="a">&#xE27;&#xE31;&#xE0A;&#xE23;&#xE1E;&#xE25; &#xE1E;&#xE38;&#xE17;&#xE18;&#xE23;&#xE31;&#xE01;&#xE29;&#xE32;</subfield>
    <subfield code="9">10502</subfield>
  </datafield>
  <datafield tag="245" ind1="1" ind2="0">
    <subfield code="a">&#xE2D;&#xE31;&#xE19;&#xE42;&#xE15;&#xE19;&#xE34;&#xE42;&#xE2D;  &#xE01;&#xE23;&#xE31;&#xE21;&#xE0A;&#xE35;&#xE48;  &#xE01;&#xE31;&#xE1A;&#xE01;&#xE32;&#xE23;&#xE08;&#xE31;&#xE14;&#xE27;&#xE32;&#xE07;&#xE04;&#xE27;&#xE32;&#xE21;&#xE04;&#xE34;&#xE14;&#xE17;&#xE32;&#xE07;&#xE01;&#xE32;&#xE23;&#xE40;&#xE21;&#xE37;&#xE2D;&#xE07;: &#xE1B;&#xE23;&#xE31;&#xE0A;&#xE0D;&#xE32;&#xE1B;&#xE0F;&#xE34;&#xE1A;&#xE31;&#xE15;&#xE34; &#xE01;&#xE32;&#xE23;&#xE40;&#xE1B;&#xE25;&#xE35;&#xE48;&#xE22;&#xE19;&#xE41;&#xE1B;&#xE25;&#xE07;&#xE17;&#xE32;&#xE07;&#xE2A;&#xE31;&#xE07;&#xE04;&#xE21; &#xE41;&#xE25;&#xE30;&#xE01;&#xE32;&#xE23;&#xE1B;&#xE25;&#xE14;&#xE1B;&#xE25;&#xE48;&#xE2D;&#xE22;&#xE21;&#xE19;&#xE38;&#xE29;&#xE22;&#xE4C; = </subfield>
    <subfield code="b">Gramsci and political installation : philosophy of praxis, social transformation, and human emancipation /</subfield>
    <subfield code="c">&#xE27;&#xE31;&#xE0A;&#xE23;&#xE1E;&#xE25; &#xE1E;&#xE38;&#xE17;&#xE18;&#xE23;&#xE31;&#xE01;&#xE29;&#xE32;.</subfield>
  </datafield>
  <datafield tag="250" ind1=" " ind2=" ">
    <subfield code="a">&#xE1E;&#xE34;&#xE21;&#xE1E;&#xE4C;&#xE04;&#xE23;&#xE31;&#xE49;&#xE07;&#xE17;&#xE35;&#xE48; 1.</subfield>
  </datafield>
  <datafield tag="260" ind1=" " ind2=" ">
    <subfield code="a">&#xE01;&#xE23;&#xE38;&#xE07;&#xE40;&#xE17;&#xE1E;&#xE2F; :</subfield>
    <subfield code="b">&#xE2A;&#xE21;&#xE21;&#xE15;&#xE34;,</subfield>
    <subfield code="c">2561.</subfield>
  </datafield>
  <datafield tag="300" ind1=" " ind2=" ">
    <subfield code="a">219 &#xE2B;&#xE19;&#xE49;&#xE32; :</subfield>
    <subfield code="b">&#xE20;&#xE32;&#xE1E;&#xE1B;&#xE23;&#xE30;&#xE01;&#xE2D;&#xE1A;</subfield>
    <subfield code="c">21 &#xE0B;&#xE21;.</subfield>
  </datafield>
  <datafield tag="505" ind1="0" ind2=" ">
    <subfield code="a">&#xE1A;&#xE17;&#xE17;&#xE35;&#xE48; 1 &#xE01;&#xE32;&#xE23;&#xE08;&#xE31;&#xE14;&#xE27;&#xE32;&#xE07;&#xE04;&#xE27;&#xE32;&#xE21;&#xE04;&#xE34;&#xE14;&#xE43;&#xE2B;&#xE21;&#xE48;&#xE40;&#xE01;&#xE35;&#xE48;&#xE22;&#xE27;&#xE01;&#xE31;&#xE1A;&#xE2A;&#xE21;&#xE38;&#xE14;&#xE1A;&#xE31;&#xE19;&#xE17;&#xE36;&#xE01;&#xE08;&#xE32;&#xE01;&#xE04;&#xE38;&#xE01; -- &#xE1A;&#xE17;&#xE17;&#xE35;&#xE48; 2 &#xE17;&#xE24;&#xE29;&#xE0E;&#xE35;&#xE01;&#xE32;&#xE23;&#xE2B;&#xE32;&#xE04;&#xE27;&#xE32;&#xE21;&#xE23;&#xE39;&#xE49;&#xE41;&#xE25;&#xE30;&#xE01;&#xE32;&#xE23;&#xE27;&#xE34;&#xE08;&#xE31;&#xE22; -- &#xE1A;&#xE17;&#xE17;&#xE35;&#xE48; 3 &#xE1B;&#xE23;&#xE31;&#xE0A;&#xE0D;&#xE32;=&#xE1B;&#xE23;&#xE30;&#xE27;&#xE31;&#xE15;&#xE34;&#xE28;&#xE32;&#xE2A;&#xE15;&#xE23;&#xE4C;=&#xE01;&#xE32;&#xE23;&#xE40;&#xE21;&#xE37;&#xE2D;&#xE07; -- &#xE1A;&#xE17;&#xE17;&#xE35;&#xE48; 4 &#xE01;&#xE32;&#xE23;&#xE28;&#xE36;&#xE01;&#xE29;&#xE32;&#xE40;&#xE0A;&#xE34;&#xE07;&#xE27;&#xE34;&#xE1E;&#xE32;&#xE01;&#xE29;&#xE4C; -- &#xE1A;&#xE17;&#xE17;&#xE35;&#xE48; 5 &#xE20;&#xE32;&#xE29;&#xE32;&#xE41;&#xE25;&#xE30;&#xE01;&#xE32;&#xE23;&#xE41;&#xE1B;&#xE25;&#xE04;&#xE27;&#xE32;&#xE21;&#xE2B;&#xE21;&#xE32;&#xE22; -- &#xE1A;&#xE17;&#xE17;&#xE35;&#xE48; 6 &#xE1C;&#xE39;&#xE49;&#xE21;&#xE35;&#xE2A;&#xE16;&#xE32;&#xE19;&#xE30;&#xE23;&#xE2D;&#xE07; -- &#xE1A;&#xE17;&#xE17;&#xE35;&#xE48; 7 &#xE27;&#xE34;&#xE01;&#xE24;&#xE15;&#xE34;&#xE01;&#xE32;&#xE23;&#xE13;&#xE4C;&#xE02;&#xE2D;&#xE07;&#xE2D;&#xE33;&#xE19;&#xE32;&#xE08;&#xE19;&#xE33;&#xE41;&#xE25;&#xE30;&#xE41;&#xE25;&#xE30;&#xE01;&#xE32;&#xE23;&#xE40;&#xE01;&#xE34;&#xE14;&#xE2A;&#xE20;&#xE32;&#xE27;&#xE30;&#xE41;&#xE1A;&#xE1A;&#xE0B;&#xE35;&#xE0B;&#xE32;&#xE23;&#xE4C; -- &#xE1A;&#xE17;&#xE17;&#xE35;&#xE48; 8 &#xE1A;&#xE17;&#xE2A;&#xE23;&#xE38;&#xE1B;: Installed, Uninstallation, Reinstallation.</subfield>
  </datafield>
  <datafield tag="600" ind1="1" ind2="4">
    <subfield code="a">&#xE01;&#xE23;&#xE31;&#xE21;&#xE0B;&#xE35;, &#xE2D;&#xE31;&#xE19;&#xE42;&#xE15;&#xE19;&#xE34;&#xE42;&#xE2D;</subfield>
    <subfield code="x">&#xE17;&#xE31;&#xE28;&#xE19;&#xE30;&#xE17;&#xE32;&#xE07;&#xE01;&#xE32;&#xE23;&#xE40;&#xE21;&#xE37;&#xE2D;&#xE07;&#xE41;&#xE25;&#xE30;&#xE2A;&#xE31;&#xE07;&#xE04;&#xE21;</subfield>
    <subfield code="9">63672</subfield>
  </datafield>
  <datafield tag="650" ind1=" " ind2="4">
    <subfield code="a">&#xE01;&#xE32;&#xE23;&#xE40;&#xE21;&#xE37;&#xE2D;&#xE07;</subfield>
    <subfield code="x">&#xE1B;&#xE23;&#xE31;&#xE0A;&#xE0D;&#xE32;</subfield>
    <subfield code="9">5821</subfield>
  </datafield>
  <datafield tag="650" ind1=" " ind2="4">
    <subfield code="a">&#xE1B;&#xE31;&#xE0D;&#xE0D;&#xE32;&#xE0A;&#xE19;</subfield>
    <subfield code="z">&#xE2D;&#xE34;&#xE15;&#xE32;&#xE25;&#xE35;</subfield>
    <subfield code="9">63676</subfield>
  </datafield>
  <datafield tag="942" ind1=" " ind2=" ">
    <subfield code="c">GB</subfield>
    <subfield code="2">lcc</subfield>
  </datafield>
  <datafield tag="996" ind1=" " ind2=" ">
    <subfield code="a">i002</subfield>
    <subfield code="b">CATSTF	</subfield>
    <subfield code="c">2024-04-17</subfield>
  </datafield>
  <datafield tag="996" ind1=" " ind2=" ">
    <subfield code="a">saiphon.d</subfield>
    <subfield code="b">CATSTF	</subfield>
    <subfield code="c">2024-04-17</subfield>
  </datafield>
  <datafield tag="999" ind1=" " ind2=" ">
    <subfield code="c">104898</subfield>
    <subfield code="d">104898</subfield>
  </datafield>
  <datafield tag="998" ind1=" " ind2=" ">
    <subfield code="j">104</subfield>
    <subfield code="k"> &#xE2A;&#xE32;&#xE22;&#xE1D;&#xE19;  &#xE14;&#xE35;&#xE07;&#xE32;&#xE21;</subfield>
  </datafield>
  <datafield tag="952" ind1=" " ind2=" ">
    <subfield code="0">0</subfield>
    <subfield code="1">0</subfield>
    <subfield code="2">lcc</subfield>
    <subfield code="4">0</subfield>
    <subfield code="7">0</subfield>
    <subfield code="8">CGBL</subfield>
    <subfield code="a">NALT</subfield>
    <subfield code="b">NALT</subfield>
    <subfield code="c">GEN</subfield>
    <subfield code="d">2024-03-14</subfield>
    <subfield code="e">193</subfield>
    <subfield code="l">0</subfield>
    <subfield code="o">HX 289.7.G73 &#xE27;378&#xE2D; 2561</subfield>
    <subfield code="p">3961222807</subfield>
    <subfield code="r">2024-05-01 00:00:00</subfield>
    <subfield code="w">2024-03-14</subfield>
    <subfield code="y">GB</subfield>
  </datafield>
</record>
